| 000 | 00943nam a2200217Ia 4500 | ||
|---|---|---|---|
| 003 | IN-BaIIA | ||
| 008 | 211028s9999 xx 000 0 eng d | ||
| 040 | _cIIA Library | ||
| 080 |
_a524.7-77 _bLOW |
||
| 111 |
_aNational Radio Astronomy Observatory Workshop _cWest Virginia _d1982 Apr. 21-22 _913413 |
||
| 245 | 0 |
_aLow frequency variability of extragalactic radio sources _bproceedings of the National radio astronomy observatory workshop held in Green Bank, West Virginia, April 21-22 1982 _cedited by William D. Cotton |
|
| 260 |
_aWest Virginia _bNational Radio Astronomy Observatory _c1982 |
||
| 300 | _av, 152p. | ||
| 650 | _aAstronomy and astrophysics thesaurus | ||
| 650 |
_aExtragalactic radio sources _93899 |
||
| 650 |
_aQuasars _91096 |
||
| 650 |
_aRadio galaxies _96716 |
||
| 700 |
_aCotton, William D., ed. _913414 |
||
| 710 |
_aNational radio astronomy observatory _97771 |
||
| 942 | _cBK | ||
| 999 |
_c7952 _d7952 |
||